| 000 | 00000cas 2200000za 4500 |
| 001 | 9.840165 |
| 003 | CaOODSP |
| 005 | 20251114090849 |
| 007 | cr ||||||||||| |
| 008 | 170721c20229999qucar p o f0 b0fre|d |
| 022 | |a2561-0171 |
| 040 | |aCaOODSP|bfre |
| 043 | |an-cn--- |
| 086 | 1 |aCH1-39F-PDF |
| 110 | 1 |aCanada. |bPatrimoine canadien. |
| 222 | 0|aPlan d’évaluation ministériel |b(Canada. Patrimoine canadien) |
| 245 | 10|aPlan d’évaluation ministériel |h[ressource électronique] / |cPatrimoine canadien. |
| 260 | |a[Gatineau, QC] : |bPatrimoine canadien, |c[2017]- |
| 310 | |aAnnuel |
| 362 | 1 |aParaît depuis: 2017-2018 à 2021-2022. |
| 500 | |aPublié aussi en anglais sous le titre : Departmental evaluation plan. |
| 500 | |aTitre de la couv. |
| 610 | 16|aCanada. |bPatrimoine canadien|vPériodiques. |
| 650 | 6|aÉvaluation|zCanada|xPlanification|vPériodiques. |
| 655 | 7|aPériodiques|2rvmgf |
| 775 | 08|tDepartmental evaluation plan |w(CaOODSP)9.840163 |